| 000 | 00392nam a2200157Ia 4500 | ||
|---|---|---|---|
| 008 | 230711s9999||||xx |||||||||||||| ||und|| | ||
| 041 | _aENG | ||
| 082 |
_a621 _bGA-I |
||
| 100 | _aGanesan,V | ||
| 245 | 0 | _aInternal combustion engines | |
| 250 | _a2nd Ed. | ||
| 260 |
_c2006 _aNew Delhi _bTata McGraw Hill Education Limited |
||
| 300 | _a777 | ||
| 650 | _aMechanical Engineering | ||
| 942 | _cBK | ||
| 999 |
_c4631 _d4631 |
||